Documento conclusivo. V Conferencia General del Episcopado Latinoamericano y del Caribe
Wedi'i Gadw mewn:
| Awduron Corfforaethol: | , , |
|---|---|
| Fformat: | Llyfr |
| Iaith: | Sbaeneg |
| Cyhoeddwyd: |
Santiago, Chile.
CELAM,
2007
|
| Pynciau: | |
| Mynediad Ar-lein: | Disponible Online |
| Tagiau: |
Ychwanegu Tag
Dim Tagiau, Byddwch y cyntaf i dagio'r cofnod hwn!
|
MARC
| LEADER | 00000nam a2200000 a 4500 | ||
|---|---|---|---|
| 001 | UCI2531 | ||
| 003 | CL-VaPUC | ||
| 005 | 20250103100417.0 | ||
| 008 | 070824e20070700cl 1 spa d | ||
| 999 | |c 384289 |d 384287 | ||
| 020 | |a 9789586256537 | ||
| 040 | |c Pontificia Universidad Católica de Valparaíso | ||
| 082 | 0 | 4 | |a 262.983 CON 2007 |2 21 |
| 110 | 2 | |a Consejo Episcopal Latinoamericano |e author |9 621060 | |
| 245 | 1 | 0 | |a Documento conclusivo. |b V Conferencia General del Episcopado Latinoamericano y del Caribe |
| 260 | |a Santiago, Chile. |b CELAM, |c 2007 | ||
| 300 | |a 311 páginas | ||
| 518 | |p Conferencia General, 5, Aparecida, 13 al 31 de Mayo de 2007 | ||
| 536 | |a Consejo Episcopal Latinoamericano | ||
| 546 | |a En Español | ||
| 583 | |a last modification |c 20190828 09:48:01 |k Rodrigo Vera | ||
| 650 | 0 | 7 | |a Evangelización |2 CL-VaPUC |9 621063 |x Congresos |
| 650 | 0 | 0 | |a Iglesia Católica |z América latina |9 256114 |
| 710 | 2 | |a CELAM |e author |9 621061 | |
| 710 | 2 | |a Conferencia Episcopal de Chile |e author |9 621062 | |
| 856 | |u http://bibliografiadigital.pucv.cl.pucv.idm.oclc.org/index.php/bibliotecapucv/catalog/book/716 |y Disponible Online | ||
| 942 | |c BK |2 ddc | ||
| 945 | |a jtorresc |d 20070824 00:00:00 | ||
| 952 | |0 0 |1 2 |4 0 |6 262_983000000000000_CON_2007 |7 0 |8 A |9 506926 |a BIBTEO |b BIBTEO |d 2020-01-23 |i 436676K |o 262.983 CON 2007 |p 436676K |r 2020-01-23 |w 2020-01-23 |y BK |k ICR | ||
| 952 | |0 0 |1 0 |4 0 |6 262_983000000000000_CON_2007 |7 0 |8 A |9 506927 |a BIBTEO |b BIBTEO |d 2020-01-23 |i 4366778 |l 2 |o 262.983 CON 2007 |p 4366778 |r 2025-01-17 |s 2021-08-31 |w 2020-01-23 |y BK |k ICR | ||
| 952 | |0 0 |1 0 |4 0 |6 262_983000000000000_CON_2007 |7 0 |8 A |9 506928 |a BIBTEO |b BIBTEO |d 2020-01-23 |i 4366786 |o 262.983 CON 2007 |p 4366786 |r 2025-01-17 |w 2020-01-23 |y BK |k ICR | ||
| 952 | |0 0 |1 0 |4 0 |6 262_983000000000000_CON_2007 |7 0 |8 A |9 506929 |a BIBTEO |b BIBTEO |d 2020-01-23 |i 4469186 |l 5 |m 6 |o 262.983 CON 2007 |p 4469186 |r 2025-01-17 |s 2022-11-08 |w 2020-01-23 |y BK |k ICR | ||
| 952 | |0 0 |1 0 |4 0 |6 262_983000000000000_CON_2007 |7 0 |8 A |9 506930 |a BIBTEO |b BIBTEO |d 2020-01-23 |i 4469194 |o 262.983 CON 2007 |p 4469194 |r 2025-01-17 |w 2020-01-23 |y BK |k ICR | ||